<?xml version="1.0" encoding="UTF-8"?>
<collection xmlns="http://www.loc.gov/MARC21/slim">
 <record>
  <leader>02535aam a22003018a 4500</leader>
  <controlfield tag="001">NCT_24073</controlfield>
  <controlfield tag="008">160713s2016                  ||||||viesd</controlfield>
  <datafield tag="999" ind1=" " ind2=" ">
   <subfield code="c">1142</subfield>
   <subfield code="d">1142</subfield>
  </datafield>
  <datafield tag="020" ind1=" " ind2=" ">
   <subfield code="c">32000</subfield>
  </datafield>
  <datafield tag="082" ind1="0" ind2="4">
   <subfield code="2">23rd ed.</subfield>
   <subfield code="a">382.6</subfield>
   <subfield code="b">H107</subfield>
  </datafield>
  <datafield tag="100" ind1="1" ind2=" ">
   <subfield code="a">Dương Hữu Hạnh</subfield>
  </datafield>
  <datafield tag="245" ind1="1" ind2="0">
   <subfield code="a">Các chiến lược và các kế hoạch marketing xuất khẩu một số trường hợp điển hình =</subfield>
   <subfield code="b">Export marketing strategies and plans</subfield>
   <subfield code="c">Dương Hữu Hạnh</subfield>
  </datafield>
  <datafield tag="260" ind1=" " ind2=" ">
   <subfield code="a">H.</subfield>
   <subfield code="b">Thống kê</subfield>
   <subfield code="c">2005</subfield>
  </datafield>
  <datafield tag="300" ind1=" " ind2=" ">
   <subfield code="a">315 tr.</subfield>
   <subfield code="c">21 cm</subfield>
  </datafield>
  <datafield tag="520" ind1="3" ind2=" ">
   <subfield code="a">Quyển sách này được soạn thảo nhằm mục đích giúp các công ty nhỏ và vừa của Việt Nam hiểu biết được một phần nhỉ về marketing sản phẩm hay dịch vụ của mình ra nước ngoài một cách hiệu quả và bài bản </subfield>
  </datafield>
  <datafield tag="653" ind1=" " ind2=" ">
   <subfield code="a">Quản trị kinh doanh</subfield>
  </datafield>
  <datafield tag="942" ind1=" " ind2=" ">
   <subfield code="2">ddc</subfield>
   <subfield code="c">BK</subfield>
  </datafield>
  <datafield tag="952" ind1=" " ind2=" ">
   <subfield code="0">0</subfield>
   <subfield code="1">0</subfield>
   <subfield code="2">ddc</subfield>
   <subfield code="4">0</subfield>
   <subfield code="6">382_600000000000000_H107</subfield>
   <subfield code="7">0</subfield>
   <subfield code="9">11937</subfield>
   <subfield code="a">000001</subfield>
   <subfield code="b">000001</subfield>
   <subfield code="d">2018-07-06</subfield>
   <subfield code="o">382.6 H107</subfield>
   <subfield code="p">MD.07209</subfield>
   <subfield code="r">2018-07-06</subfield>
   <subfield code="v">32000.00</subfield>
   <subfield code="w">2018-07-06</subfield>
   <subfield code="y">BK</subfield>
  </datafield>
  <datafield tag="952" ind1=" " ind2=" ">
   <subfield code="0">0</subfield>
   <subfield code="1">0</subfield>
   <subfield code="2">ddc</subfield>
   <subfield code="4">0</subfield>
   <subfield code="6">382_600000000000000_H107</subfield>
   <subfield code="7">0</subfield>
   <subfield code="9">11938</subfield>
   <subfield code="a">000001</subfield>
   <subfield code="b">000001</subfield>
   <subfield code="d">2018-07-06</subfield>
   <subfield code="o">382.6 H107</subfield>
   <subfield code="p">MD.07210</subfield>
   <subfield code="r">2018-07-06</subfield>
   <subfield code="v">32000.00</subfield>
   <subfield code="w">2018-07-06</subfield>
   <subfield code="y">BK</subfield>
  </datafield>
  <datafield tag="952" ind1=" " ind2=" ">
   <subfield code="0">0</subfield>
   <subfield code="1">0</subfield>
   <subfield code="2">ddc</subfield>
   <subfield code="4">0</subfield>
   <subfield code="6">382_600000000000000_H107</subfield>
   <subfield code="7">0</subfield>
   <subfield code="9">11939</subfield>
   <subfield code="a">000001</subfield>
   <subfield code="b">000001</subfield>
   <subfield code="d">2018-07-06</subfield>
   <subfield code="o">382.6 H107</subfield>
   <subfield code="p">MD.07211</subfield>
   <subfield code="r">2018-07-06</subfield>
   <subfield code="v">32000.00</subfield>
   <subfield code="w">2018-07-06</subfield>
   <subfield code="y">BK</subfield>
  </datafield>
  <datafield tag="952" ind1=" " ind2=" ">
   <subfield code="0">0</subfield>
   <subfield code="1">0</subfield>
   <subfield code="2">ddc</subfield>
   <subfield code="4">0</subfield>
   <subfield code="6">382_600000000000000_H107</subfield>
   <subfield code="7">0</subfield>
   <subfield code="9">11940</subfield>
   <subfield code="a">000001</subfield>
   <subfield code="b">000001</subfield>
   <subfield code="d">2018-07-06</subfield>
   <subfield code="o">382.6 H107</subfield>
   <subfield code="p">MD.07212</subfield>
   <subfield code="r">2018-07-06</subfield>
   <subfield code="v">32000.00</subfield>
   <subfield code="w">2018-07-06</subfield>
   <subfield code="y">BK</subfield>
  </datafield>
  <datafield tag="952" ind1=" " ind2=" ">
   <subfield code="0">0</subfield>
   <subfield code="1">0</subfield>
   <subfield code="2">ddc</subfield>
   <subfield code="4">0</subfield>
   <subfield code="6">382_600000000000000_H107</subfield>
   <subfield code="7">0</subfield>
   <subfield code="9">11941</subfield>
   <subfield code="a">000001</subfield>
   <subfield code="b">000001</subfield>
   <subfield code="d">2018-07-06</subfield>
   <subfield code="o">382.6 H107</subfield>
   <subfield code="p">MD.07213</subfield>
   <subfield code="r">2018-07-06</subfield>
   <subfield code="v">32000.00</subfield>
   <subfield code="w">2018-07-06</subfield>
   <subfield code="y">BK</subfield>
  </datafield>
  <datafield tag="952" ind1=" " ind2=" ">
   <subfield code="0">0</subfield>
   <subfield code="1">0</subfield>
   <subfield code="2">ddc</subfield>
   <subfield code="4">0</subfield>
   <subfield code="6">382_600000000000000_H107</subfield>
   <subfield code="7">0</subfield>
   <subfield code="9">11942</subfield>
   <subfield code="a">000001</subfield>
   <subfield code="b">000001</subfield>
   <subfield code="d">2018-07-06</subfield>
   <subfield code="o">382.6 H107</subfield>
   <subfield code="p">MD.07214</subfield>
   <subfield code="r">2018-07-06</subfield>
   <subfield code="v">32000.00</subfield>
   <subfield code="w">2018-07-06</subfield>
   <subfield code="y">BK</subfield>
  </datafield>
  <datafield tag="952" ind1=" " ind2=" ">
   <subfield code="0">0</subfield>
   <subfield code="1">0</subfield>
   <subfield code="2">ddc</subfield>
   <subfield code="4">0</subfield>
   <subfield code="6">382_600000000000000_H107</subfield>
   <subfield code="7">0</subfield>
   <subfield code="9">11943</subfield>
   <subfield code="a">000001</subfield>
   <subfield code="b">000001</subfield>
   <subfield code="d">2018-07-06</subfield>
   <subfield code="l">1</subfield>
   <subfield code="o">382.6 H107</subfield>
   <subfield code="p">MD.07215</subfield>
   <subfield code="r">2020-06-04</subfield>
   <subfield code="s">2020-05-29</subfield>
   <subfield code="v">32000.00</subfield>
   <subfield code="w">2018-07-06</subfield>
   <subfield code="y">BK</subfield>
  </datafield>
  <datafield tag="952" ind1=" " ind2=" ">
   <subfield code="0">0</subfield>
   <subfield code="1">0</subfield>
   <subfield code="2">ddc</subfield>
   <subfield code="4">0</subfield>
   <subfield code="6">382_600000000000000_H107</subfield>
   <subfield code="7">0</subfield>
   <subfield code="9">11944</subfield>
   <subfield code="a">000001</subfield>
   <subfield code="b">000001</subfield>
   <subfield code="d">2018-07-06</subfield>
   <subfield code="o">382.6 H107</subfield>
   <subfield code="p">MD.07216</subfield>
   <subfield code="r">2018-07-06</subfield>
   <subfield code="v">32000.00</subfield>
   <subfield code="w">2018-07-06</subfield>
   <subfield code="y">BK</subfield>
  </datafield>
  <datafield tag="952" ind1=" " ind2=" ">
   <subfield code="0">0</subfield>
   <subfield code="1">0</subfield>
   <subfield code="2">ddc</subfield>
   <subfield code="4">0</subfield>
   <subfield code="6">382_600000000000000_H107</subfield>
   <subfield code="7">0</subfield>
   <subfield code="9">11945</subfield>
   <subfield code="a">000001</subfield>
   <subfield code="b">000001</subfield>
   <subfield code="d">2018-07-06</subfield>
   <subfield code="o">382.6 H107</subfield>
   <subfield code="p">MD.07217</subfield>
   <subfield code="r">2018-07-06</subfield>
   <subfield code="v">32000.00</subfield>
   <subfield code="w">2018-07-06</subfield>
   <subfield code="y">BK</subfield>
  </datafield>
  <datafield tag="952" ind1=" " ind2=" ">
   <subfield code="0">0</subfield>
   <subfield code="1">0</subfield>
   <subfield code="2">ddc</subfield>
   <subfield code="4">0</subfield>
   <subfield code="6">382_600000000000000_H107</subfield>
   <subfield code="7">0</subfield>
   <subfield code="9">11946</subfield>
   <subfield code="a">000001</subfield>
   <subfield code="b">000001</subfield>
   <subfield code="d">2018-07-06</subfield>
   <subfield code="o">382.6 H107</subfield>
   <subfield code="p">MD.07218</subfield>
   <subfield code="r">2018-07-06</subfield>
   <subfield code="v">32000.00</subfield>
   <subfield code="w">2018-07-06</subfield>
   <subfield code="y">BK</subfield>
  </datafield>
  <datafield tag="980" ind1=" " ind2=" ">
   <subfield code="a">Thư viện Trường Đại học Nam Cần Thơ</subfield>
  </datafield>
 </record>
</collection>
